[Event "SVK-ch Seniors-A"]
[Site "Tatranske Matliare"]
[Date "2009.??.??"]
[Round "9"]
[White "Feranec, Milan"]
[Black "Balala, Milan"]
[Result "1/2-1/2"]
[WhiteElo "1834"]
[BlackElo "1779"]
[PlyCount "101"]
[EventDate "2009.05.31"]
[EventType "swiss"]
[EventRounds "9"]
[EventCountry "SVK"]
[SourceTitle "EXT 2023"]
[Source "ChessBase"]
[SourceDate "2022.10.05"]
[SourceVersion "1"]
[SourceVersionDate "2022.10.05"]
[SourceQuality "1"]

1. Nf3 Nf6 2. c4 c5 3. Nc3 Nc6 4. b3 e6 5. Bb2 g6 6. e3 Bg7 7. d3 0-0 8. Be2 a6 9. a3 b6 10. 0-0 Bb7 11. Rb1 Rb8 12. Ng5 d5 13. Bf3 Ne7 14. Ne2 Qd7 15. Be5 Rbc8 16. g3 Nc6 17. Ba1 h6 18. Nh3 e5 19. Bg2 Ng4 20. Qd2 Ne7 21. f3 Nf6 22. Nf2 Nc6 23. Bh3 Qd6 24. cxd5 Nxd5 25. Ne4 Qe7 26. N4c3 Rcd8 27. Nxd5 Rxd5 28. Nc3 Rd6 29. Rbd1 Rfd8 30. Qc2 Bc8 31. Bg2 Kh7 32. Na4 Qc7 33. Nb2 Be6 34. Nc4 R6d7 35. Rfe1 b5 36. Nd2 Qb6 37. Ne4 Rd5 38. Nf2 R5d7 39. Bf1 Na5 40. Rb1 Nb7 41. e4 Rc7 42. Kg2 f6 43. Bb2 a5 44. Bc1 Qd6 45. Be3 Rdc8 46. Red1 Qe7 47. Rdc1 b4 48. a4 f5 49. Re1 Qf8 50. Kg1 Qf7 51. Bh3 1/2-1/2